A farm in Normandy / (Record no. 184052)
[ view plain ]
| 000 -LEADER | |
|---|---|
| fixed length control field | 00804 a2200193 4500 |
| 003 - CONTROL NUMBER IDENTIFIER | |
| control field | Nust |
| 005 - DATE AND TIME OF LATEST TRANSACTION | |
| control field | 20230504130445.0 |
| 010 ## - LIBRARY OF CONGRESS CONTROL NUMBER | |
| LC control number | a 42000320 |
| 040 ## - CATALOGING SOURCE | |
| Transcribing agency | Nust |
| 082 ## - DEWEY DECIMAL CLASSIFICATION NUMBER | |
| Classification number | 630,NEN |
| 100 ## - MAIN ENTRY--PERSONAL NAME | |
| Personal name | Henrey, Robert |
| 9 (RLIN) | 112113 |
| 245 ## - TITLE STATEMENT | |
| Title | A farm in Normandy / |
| Statement of responsibility, etc. | Robert Henrey, |
| 260 ## - PUBLICATION, DISTRIBUTION, ETC. | |
| Place of publication, distribution, etc. | London, |
| Name of publisher, distributor, etc. | J.M. Dent & Sons limited |
| Date of publication, distribution, etc. | 1941 |
| 300 ## - PHYSICAL DESCRIPTION | |
| Extent | 288 p |
| Other physical details | front |
| Dimensions | plates |
| Accompanying material | 22 cm |
| 505 ## - FORMATTED CONTENTS NOTE | |
| Formatted contents note | The Itallan Poplars (Page-1), The Fram House (Page-30),The Cider Press (Page-37),The Well Sinker (Page-60), The Manure Heap (Page-73), The Apple Harvest (Page-88), The Thatcher (Page-105), The Ambulating Still (Page-120),The Fram (Page-171), The Stables (Page-182), The Burgundy (Page-190), The Stream (Page-253). |
| 600 ## - SUBJECT ADDED ENTRY--PERSONAL NAME | |
| Personal name | Henrey, Robert |
| 9 (RLIN) | 112113 |
| 650 ## - SUBJECT ADDED ENTRY--TOPICAL TERM | |
| Topical term or geographic name entry element | A farm in Normandy, |
| 9 (RLIN) | 112114 |
| 942 ## - ADDED ENTRY ELEMENTS (KOHA) | |
| Source of classification or shelving scheme | |
| Koha item type | Book |
| Withdrawn status | Lost status | Source of classification or shelving scheme | Damaged status | Not for loan | Permanent Location | Current Location | Shelving location | Date acquired | Full call number | Barcode | Date last seen | Price effective from | Koha item type | Public note |
|---|---|---|---|---|---|---|---|---|---|---|---|---|---|---|
| Military College of Signals (MCS) | Military College of Signals (MCS) | General Stacks | 12/12/2016 | 630 HEN | MCS30099 | 12/08/2016 | 12/12/2016 | Book | Almirah No.74, Shelf No.8 |
